| 000 | 00805nam a2200265 a 4500 | ||
|---|---|---|---|
| 001 | 000046692 | ||
| 003 | OSt | ||
| 005 | 20240412074305.0 | ||
| 008 | 180319s2017 dr 000 p spa d | ||
| 020 | _a9789945503029 | ||
| 040 |
_aDO-SdBNP _bspa _cBNPHU |
||
| 082 | 4 |
_aRD861.44 _bR595po |
|
| 100 | 1 |
_aRisco Bermúdez, René del, _d1937-1972 _912315 |
|
| 245 | 1 | 0 |
_aPoesía reunida / _cRené del Risco Bermúdez. |
| 260 |
_aSanto Domingo _aEditora Nacional, _c2017. |
||
| 300 |
_a279 p. ; _c21 cm. |
||
| 490 | 1 | _aPoesía | |
| 500 | _aIncluye datos biográficos del autor en las solapas | ||
| 590 | _aInventariado, 2018 /LP | ||
| 650 | 0 |
_aPoesía dominicana _966 |
|
| 650 | 0 |
_aLiteratura dominicana. _967 |
|
| 830 | 0 |
_aPoesía _91183 |
|
| 910 | _aValidado. Control de calidad MFF | ||
| 942 |
_2ddc _cLF1 |
||
| 999 |
_c46181 _d46181 |
||